00648cam a22002052 4500001001100000005001700011008004100028020001700069040001500086100003300101245009900134250001300233260003400246300002000280650003800300650003600338700003500374700003000409852000300439000002484120151217152306.0140319s xx 000 0 eng d a0077154509 : aKABUcKABU1 aBaye, Michael R.@000017896010aManagerial economics and business strategy /cMichael R. Baye, Jeffrey T. Prince, Jay Squalli. a8th ed. aLondon :bMcGraw-Hill,c2013. axxxiii, 636 p. 0aManagerial economics.@0000150546 0aStrategic planning.@00001505761 aPrince, Jeffrey T.@00001851091 aSqualli, Jay.@00001851101